000
00212nam a22000857a 4500
001
1235203
005
20250930111735.0
245
_a
MUTLULUK VE MUTSUZLUK
_c
BRIGITTE LABBE
260
_b
GÜNIŞIĞI KİTAPLIĞI YAYINLARI
999
_c
1235203
_d
1235203